000 00999nac a22002531u 4500
010 _a 98031036
020 _a0419242007
082 0 0 _a620.136
_bMAE
090 _c6813
_d6813
100 _aMaekawa, Koichi,
245 1 0 _aModelling of concrete performance :
_bhydration, microstructure formation, and mass transport /
_cKoichi Maekawa, Rajesh Chaube, and Toshiharu Kishi.
260 _aLondon ;
_aNew York :
_bE & FN Spon,c.1999.
_cc.1999.
300 _axvi, 308 ;
_bill. ;
_c25 cm.
500 _aDistributer: Al-Ahram.
504 _aIncludes bibliographical references and index.
511 _aCatalogued By: Mahitab.
650 0 _aConcrete
_xEvaluation.
650 0 _aConcrete
_xCuring
_xMathematical models.
650 0 _aConcrete
_xCracking.
700 1 _aChaube, Rajesh,
_d1955-
700 1 _aKishi, Toshiharu,
_d1955-
856 4 2 _3Publisher description
_uhttp://www.loc.gov/catdir/enhancements/fy0651/98031036-d.html
942 _cBB
_k620.136MAE
999 _c6813
_d6813